[Event "19. Open Figueres Miquel Mas 2018"]
[Site "Figueres ESP"]
[Date "2018.08.14"]
[Round "7.14"]
[White "Insa Pujolar, Marti"]
[Black "Guzman Maglaya, Noli"]
[Result "1-0"]
[WhiteElo "1406"]
[BlackElo "1883"]
[PlyCount "53"]
[EventDate "2018.08.09"]
[EventType "swiss"]
[EventRounds "9"]
[EventCountry "ESP"]
[SourceTitle "Ajedrez en Madrid"]
[Source "lmi"]
[SourceDate "2018.08.09"]
[SourceVersion "1"]
[SourceVersionDate "2019.07.09"]
[SourceQuality "1"]

1. e4 c5 2. Nf3 d6 3. d4 cxd4 4. Nxd4 Nf6 5. Nc3 g6 6. Be3 Bg7 7. f3 O-O 8. Bc4
Nc6 9. Bb3 Na5 10. h4 Nxb3 11. axb3 a6 12. Qd2 Re8 13. h5 e5 14. Nde2 Nxh5 15.
g4 Nf6 16. O-O-O Be6 17. Ng3 Re7 18. Bg5 Rd7 19. Nd5 Bxd5 20. exd5 Rc8 21. Qh2
Rdc7 22. c3 Kf8 23. Ne4 Nxg4 24. Bxd8 Rxc3+ 25. bxc3 Nxh2 26. Rxh2 Rxd8 27.
Rxh7 1-0

[Event "19. Open Figueres Miquel Mas 2018"]
[Site "Figueres ESP"]
[Date "2018.08.14"]
[Round "7.16"]
[White "Morales Castaneda, Manuel"]
[Black "Cantenys Pages, Carles"]
[Result "1-0"]
[WhiteElo "1697"]
[BlackElo "1405"]
[PlyCount "45"]
[EventDate "2018.08.09"]
[EventType "swiss"]
[EventRounds "9"]
[EventCountry "ESP"]
[SourceTitle "Ajedrez en Madrid"]
[Source "lmi"]
[SourceDate "2018.08.09"]
[SourceVersion "1"]
[SourceVersionDate "2019.07.09"]
[SourceQuality "1"]

1. d4 d5 2. c4 dxc4 3. g3 e6 4. Bg2 c6 5. Nc3 Nf6 6. a4 Bb4 7. Nf3 Ne4 8. Qc2
Qa5 9. Qxe4 Bxc3+ 10. Nd2 Bb4 11. Qc2 b5 12. O-O Bb7 13. Ne4 h6 14. Bf4 Qb6 15.
Bd6 a5 16. Bc5 Qc7 17. Nd6+ Kd7 18. Nxf7 Bxc5 19. dxc5 Rf8 20. Qg6 Ke7 21. Nd6
Kd8 22. Rad1 Nd7 23. Qxg7 1-0

[Event "19. Open Figueres Miquel Mas 2018"]
[Site "Figueres ESP"]
[Date "2018.08.14"]
[Round "7.19"]
[White "Muntal Corrales, Arnau"]
[Black "Vinolas Anglada, Laura"]
[Result "0-1"]
[WhiteElo "1617"]
[BlackElo "1638"]
[PlyCount "58"]
[EventDate "2018.08.09"]
[EventType "swiss"]
[EventRounds "9"]
[EventCountry "ESP"]
[SourceTitle "Ajedrez en Madrid"]
[Source "lmi"]
[SourceDate "2018.08.09"]
[SourceVersion "1"]
[SourceVersionDate "2019.07.09"]
[SourceQuality "1"]

1. e4 c6 2. d4 d5 3. e5 Bf5 4. h4 h5 5. Ne2 e6 6. Ng3 Bg6 7. Be2 c5 8. c3 Nc6
9. Bxh5 Bxh5 10. Nxh5 g6 11. Ng3 Rxh4 12. Rxh4 Qxh4 13. Be3 c4 14. b3 b5 15. a4
Na5 16. axb5 Nxb3 17. Ra6 Qd8 18. Nd2 Nxd2 19. Bxd2 Qd7 20. Qa4 f5 21. Qa5 Ne7
22. Rd6 Qc8 23. Bg5 Kf7 24. Bxe7 Bxe7 25. Rc6 Qb7 26. Ne2 Rb8 27. Rc7 Qxb5 28.
Qxa7 Qb1+ 29. Kd2 Qd3+ 0-1

[Event "19. Open Figueres Miquel Mas 2018"]
[Site "Figueres ESP"]
[Date "2018.08.14"]
[Round "7.25"]
[White "Higueras Ruiz, Blai"]
[Black "Villa Carrillo, Julio"]
[Result "1/2-1/2"]
[WhiteElo "1414"]
[BlackElo "1482"]
[PlyCount "53"]
[EventDate "2018.08.09"]
[EventType "swiss"]
[EventRounds "9"]
[EventCountry "ESP"]
[SourceTitle "Ajedrez en Madrid"]
[Source "lmi"]
[SourceDate "2018.08.09"]
[SourceVersion "1"]
[SourceVersionDate "2019.07.09"]
[SourceQuality "1"]

1. e4 c5 2. Nf3 Nc6 3. Nc3 g6 4. d3 Bg7 5. Bd2 d6 6. h3 Nf6 7. Be2 O-O 8. O-O
a6 9. a3 Bd7 10. Qc1 Nd4 11. Nxd4 cxd4 12. Na2 e5 13. Bb4 Be6 14. f4 Re8 15.
Bd2 Bxa2 16. Rxa2 Qc7 17. c3 dxc3 18. Qxc3 Qxc3 19. Bxc3 Nd7 20. f5 Nc5 21. Bb4
b6 22. Bxc5 bxc5 23. Raa1 a5 24. b3 Bh6 25. Kh1 Be3 26. Rab1 Rf8 27. Kh2
1/2-1/2

[Event "19. Open Figueres Miquel Mas 2018"]
[Site "Figueres ESP"]
[Date "2018.08.15"]
[Round "8.1"]
[White "Vidal Zamora, Alex"]
[Black "Sole Pijuan, Ferran"]
[Result "1/2-1/2"]
[WhiteElo "2404"]
[BlackElo "2320"]
[PlyCount "150"]
[EventDate "2018.08.09"]
[EventType "swiss"]
[EventRounds "9"]
[EventCountry "ESP"]
[SourceTitle "Ajedrez en Madrid"]
[Source "lmi"]
[SourceDate "2018.08.09"]
[SourceVersion "1"]
[SourceVersionDate "2019.07.09"]
[SourceQuality "1"]

1. d4 d5 2. c4 c6 3. Nf3 Nf6 4. e3 Bf5 5. Nc3 e6 6. Nh4 Bg6 7. Nxg6 hxg6 8. h3
Nbd7 9. Bd3 Bd6 10. Bd2 O-O 11. Qb3 Rb8 12. O-O dxc4 13. Qxc4 e5 14. Bxg6 b5
15. Qb3 exd4 16. exd4 c5 17. Bf5 cxd4 18. Ne2 Nc5 19. Qf3 Be5 20. Bb4 d3 21.
Bxc5 dxe2 22. Rfe1 Re8 23. Rxe2 Qc7 24. Be3 Rbd8 25. Rae1 Qa5 26. Bc1 b4 27.
Bc2 Bb8 28. Rxe8+ Nxe8 29. Bb3 Qc7 30. g3 Nf6 31. Bg5 Qd6 32. Kg2 Bc7 33. Rc1
Bb6 34. Rc6 Qd3 35. Qf4 Nd5 36. Qf3 Qxf3+ 37. Kxf3 Rd7 38. Rc8+ Kh7 39. Rc4 f6
40. Bd2 a5 41. Bc2+ Kg8 42. Bf5 Rd6 43. Be4 Kf7 44. g4 Ne7 45. Bf4 Rd4 46. Rxd4
Bxd4 47. Bc7 a4 48. b3 axb3 49. axb3 Ke6 50. Bd3 Kd5 51. Bg3 Kc5 52. Ke4 Nc6
53. f4 Bc3 54. Bf2+ Kd6 55. Bc4 Bd2 56. h4 Ne7 57. h5 Nc6 58. Bh4 Ne7 59. h6
gxh6 60. Bxf6 Ng6 61. f5 Bc3 62. Bxc3 bxc3 63. fxg6 c2 64. g7 c1=Q 65. g8=Q
Qc2+ 66. Kd4 Qf2+ 67. Ke4 Qc2+ 68. Bd3 Qg2+ 69. Kd4 Qf2+ 70. Ke4 Qg2+ 71. Ke3
Qg3+ 72. Kd2 Qf2+ 73. Kc3 Qe1+ 74. Kd4 Qg1+ 75. Ke4 Qg2+ 1/2-1/2

[Event "19. Open Figueres Miquel Mas 2018"]
[Site "Figueres ESP"]
[Date "2018.08.15"]
[Round "8.2"]
[White "Parramon Ros, Francesc"]
[Black "Touzane, Olivier"]
[Result "0-1"]
[WhiteElo "2059"]
[BlackElo "2301"]
[PlyCount "46"]
[EventDate "2018.08.09"]
[EventType "swiss"]
[EventRounds "9"]
[EventCountry "ESP"]
[SourceTitle "Ajedrez en Madrid"]
[Source "lmi"]
[SourceDate "2018.08.09"]
[SourceVersion "1"]
[SourceVersionDate "2019.07.09"]
[SourceQuality "1"]

1. e4 e5 2. Nf3 Nc6 3. Bc4 Nf6 4. d3 Bc5 5. Nc3 a6 6. a3 d6 7. h3 Ne7 8. Ne2 c6
9. b4 Bb6 10. Ng3 d5 11. exd5 cxd5 12. Bb3 Ng6 13. O-O O-O 14. Bb2 Re8 15. Re1
Bxh3 16. gxh3 Qd7 17. d4 Nf4 18. Ng5 h6 19. Ba4 Qxa4 20. dxe5 hxg5 21. exf6
Rxe1+ 22. Qxe1 Qxc2 23. Be5 Bxf2+ 0-1

[Event "19. Open Figueres Miquel Mas 2018"]
[Site "Figueres ESP"]
[Date "2018.08.15"]
[Round "8.3"]
[White "Nunez Colome, David"]
[Black "Castells Briones, Miquel"]
[Result "1-0"]
[WhiteElo "1970"]
[BlackElo "2018"]
[PlyCount "87"]
[EventDate "2018.08.09"]
[EventType "swiss"]
[EventRounds "9"]
[EventCountry "ESP"]
[SourceTitle "Ajedrez en Madrid"]
[Source "lmi"]
[SourceDate "2018.08.09"]
[SourceVersion "1"]
[SourceVersionDate "2019.07.09"]
[SourceQuality "1"]

1. e4 c5 2. Nf3 Nc6 3. d4 cxd4 4. Nxd4 Nf6 5. Nc3 e5 6. Ndb5 d6 7. Bg5 a6 8.
Na3 b5 9. Nd5 Be7 10. Bxf6 Bxf6 11. c4 b4 12. Nc2 a5 13. g3 Bg5 14. h4 Bh6 15.
Bh3 O-O 16. Qd3 Be6 17. Kf1 Rb8 18. b3 Kh8 19. Rd1 Qd7 20. Kg2 Rfd8 21. f3 Qb7
22. g4 g6 23. g5 Bg7 24. Qd2 Qa7 25. Bg4 Qd7 26. Kg3 Rb7 27. h5 Bxg4 28. fxg4
Qe6 29. Rdf1 Nd4 30. Nf6 Bf8 31. hxg6 fxg6 32. Nxd4 exd4 33. Qxd4 Qe5+ 34. Qxe5
dxe5 35. Rd1 Rd4 36. Rxd4 exd4 37. Kf4 Bc5 38. e5 Re7 39. Rh3 Ba7 40. Nd5 Rf7+
41. Ke4 Kg8 42. e6 Rf1 43. Nf6+ Kf8 44. Rxh7 1-0

[Event "19. Open Figueres Miquel Mas 2018"]
[Site "Figueres ESP"]
[Date "2018.08.15"]
[Round "8.4"]
[White "Colls Gelaberto, Emili"]
[Black "Claret, Franck"]
[Result "1-0"]
[WhiteElo "2093"]
[BlackElo "1915"]
[PlyCount "73"]
[EventDate "2018.08.09"]
[EventType "swiss"]
[EventRounds "9"]
[EventCountry "ESP"]
[SourceTitle "Ajedrez en Madrid"]
[Source "lmi"]
[SourceDate "2018.08.09"]
[SourceVersion "1"]
[SourceVersionDate "2019.07.09"]
[SourceQuality "1"]

1. d4 Nf6 2. c4 g6 3. Nc3 Bg7 4. e4 d6 5. Nf3 O-O 6. h3 c6 7. Be2 e5 8. O-O
Nbd7 9. Be3 Re8 10. Qc2 Qe7 11. d5 c5 12. Ne1 Rf8 13. a3 a5 14. Nd3 Ne8 15. b4
b6 16. g4 Qh4 17. Kg2 f5 18. f3 Bh6 19. Bxh6 Qxh6 20. Qc1 Qh4 21. Qe1 Qe7 22.
gxf5 gxf5 23. Kh2 Nef6 24. bxc5 bxc5 25. Rg1+ Kh8 26. Qh4 Ng4+ 27. Rxg4 Qf7 28.
Rg2 Nf6 29. Rag1 Bd7 30. Qh6 Rg8 31. Rxg8+ Nxg8 32. Qxd6 fxe4 33. Qxe5+ Nf6 34.
Nxe4 Re8 35. Qxf6+ Qxf6 36. Nxf6 Rxe2+ 37. Kh1 1-0

[Event "19. Open Figueres Miquel Mas 2018"]
[Site "Figueres ESP"]
[Date "2018.08.15"]
[Round "8.5"]
[White "Izagirre Alsua, Aritz"]
[Black "Lorca Cortada, David"]
[Result "1/2-1/2"]
[WhiteElo "1875"]
[BlackElo "2060"]
[PlyCount "107"]
[EventDate "2018.08.09"]
[EventType "swiss"]
[EventRounds "9"]
[EventCountry "ESP"]
[SourceTitle "Ajedrez en Madrid"]
[Source "lmi"]
[SourceDate "2018.08.09"]
[SourceVersion "1"]
[SourceVersionDate "2019.07.09"]
[SourceQuality "1"]

1. e4 c5 2. Nc3 e6 3. g3 d6 4. Bg2 Nf6 5. d3 Be7 6. f4 Nc6 7. Nf3 a6 8. O-O Qc7
9. a4 b6 10. h3 Bb7 11. Ne2 d5 12. e5 Nd7 13. c3 f6 14. d4 O-O-O 15. Be3 Rdg8
16. dxc5 Bxc5 17. Bxc5 bxc5 18. exf6 gxf6 19. Kh1 Ne7 20. Nh4 Ng6 21. Nxg6 hxg6
22. b4 d4 23. Ng1 g5 24. Bxb7+ Qxb7+ 25. Qf3 gxf4 26. Qxb7+ Kxb7 27. cxd4 fxg3
28. Rfe1 cxb4 29. Rxe6 Rh4 30. Rd1 Rf4 31. Re3 Rf2 32. Ne2 Rh2+ 33. Kg1 Rxh3
34. Rdd3 f5 35. Nf4 Rh4 36. Ng2 Rhg4 37. Rf3 Rf8 38. Ne3 Rc8 39. Kg2 f4 40.
Nxg4 Rc2+ 41. Kg1 Nb6 42. Rxf4 Nxa4 43. Rxg3 Nc3 44. Rf2 Kb6 45. Kf1 b3 46. Ne3
Rc1+ 47. Kg2 a5 48. Rg6+ Kb5 49. Rb2 Ka4 50. Rb6 Nd1 51. R2xb3 Nxe3+ 52. Rxe3
Rg1+ 53. Kh3 Rg3+ 54. Kxg3 1/2-1/2

[Event "19. Open Figueres Miquel Mas 2018"]
[Site "Figueres ESP"]
[Date "2018.08.15"]
[Round "8.9"]
[White "Pau Plana, Albert"]
[Black "Morales Castaneda, Manuel"]
[Result "1-0"]
[WhiteElo "2013"]
[BlackElo "1697"]
[PlyCount "67"]
[EventDate "2018.08.09"]
[EventType "swiss"]
[EventRounds "9"]
[EventCountry "ESP"]
[SourceTitle "Ajedrez en Madrid"]
[Source "lmi"]
[SourceDate "2018.08.09"]
[SourceVersion "1"]
[SourceVersionDate "2019.07.09"]
[SourceQuality "1"]

1. d4 Nf6 2. c4 g6 3. Nc3 Bg7 4. e4 d6 5. h3 O-O 6. Bg5 h6 7. Be3 Nbd7 8. Nf3
e5 9. dxe5 dxe5 10. Qd2 Kh7 11. g4 Ng8 12. O-O-O c6 13. h4 f6 14. g5 h5 15.
gxf6 Qxf6 16. Ng5+ Kh8 17. c5 b5 18. Bh3 Nb8 19. Bxc8 Rxc8 20. Qd6 Bf8 21. Qxe5
Qxe5 22. Nf7+ Kh7 23. Nxe5 Na6 24. Rd7+ Ne7 25. Rhd1 Nb8 26. Rd8 Na6 27. Rxc8
Rxc8 28. Rd7 Re8 29. Nxc6 Nb8 30. Nxb8 Rxb8 31. Nd5 Kg7 32. Nxe7 a5 33. c6 g5
34. c7 1-0

[Event "19. Open Figueres Miquel Mas 2018"]
[Site "Figueres ESP"]
[Date "2018.08.15"]
[Round "8.14"]
[White "Falgueras Marti, Carles"]
[Black "Vinolas Anglada, Laura"]
[Result "0-1"]
[WhiteElo "1872"]
[BlackElo "1638"]
[PlyCount "54"]
[EventDate "2018.08.09"]
[EventType "swiss"]
[EventRounds "9"]
[EventCountry "ESP"]
[SourceTitle "Ajedrez en Madrid"]
[Source "lmi"]
[SourceDate "2018.08.09"]
[SourceVersion "1"]
[SourceVersionDate "2019.07.09"]
[SourceQuality "1"]

1. e4 c5 2. Nf3 d6 3. Bb5+ Bd7 4. Bxd7+ Qxd7 5. O-O Nf6 6. Re1 Nc6 7. c4 g6 8.
d4 cxd4 9. Nxd4 Nxd4 10. Qxd4 Bg7 11. Nc3 O-O 12. Qd3 Ng4 13. f4 Qc7 14. Na4
Rac8 15. h3 Qxc4 16. Qxc4 Rxc4 17. hxg4 Rxa4 18. Re2 Rc8 19. e5 dxe5 20. fxe5
Rxg4 21. Be3 b6 22. Rd1 Rgc4 23. Bd4 Rc1 24. Red2 Rxd1+ 25. Rxd1 Rd8 26. Rd2
Bxe5 27. Bc3 Rxd2 0-1

[Event "19. Open Figueres Miquel Mas 2018"]
[Site "Figueres ESP"]
[Date "2018.08.15"]
[Round "8.21"]
[White "Cantenys Pages, Carles"]
[Black "Muntal Corrales, Arnau"]
[Result "0-1"]
[WhiteElo "1405"]
[BlackElo "1617"]
[PlyCount "68"]
[EventDate "2018.08.09"]
[EventType "swiss"]
[EventRounds "9"]
[EventCountry "ESP"]
[SourceTitle "Ajedrez en Madrid"]
[Source "lmi"]
[SourceDate "2018.08.09"]
[SourceVersion "1"]
[SourceVersionDate "2019.07.09"]
[SourceQuality "1"]

1. e4 c5 2. c4 Nc6 3. Nf3 d6 4. Nc3 e6 5. d3 Nf6 6. Be2 Be7 7. O-O O-O 8. h3 a6
9. a3 Rb8 10. a4 Nb4 11. Bd2 b6 12. Na2 a5 13. Nc3 d5 14. cxd5 exd5 15. exd5
Nfxd5 16. Nh2 Re8 17. Nxd5 Qxd5 18. Bc3 Qg5 19. Kh1 Bd6 20. Nf3 Qh6 21. Bd2 Qh5
22. Nd4 Qe5 23. f4 Qxd4 24. Bc3 Qe3 25. Bg4 Bxg4 26. Qxg4 Bf8 27. Rf3 Qe6 28.
Qg3 Qg6 29. Qh2 Nd5 30. Rg3 Qe6 31. Be5 Rbd8 32. Re1 f6 33. Bc3 Qxe1+ 34. Bxe1
Rxe1+ 0-1

[Event "19. Open Figueres Miquel Mas 2018"]
[Site "Figueres ESP"]
[Date "2018.08.15"]
[Round "8.22"]
[White "Estruch Andreu, Lluc"]
[Black "Gac, Jean-Luc"]
[Result "1-0"]
[WhiteElo "1629"]
[BlackElo "1486"]
[PlyCount "79"]
[EventDate "2018.08.09"]
[EventType "swiss"]
[EventRounds "9"]
[EventCountry "ESP"]
[SourceTitle "Ajedrez en Madrid"]
[Source "lmi"]
[SourceDate "2018.08.09"]
[SourceVersion "1"]
[SourceVersionDate "2019.07.09"]
[SourceQuality "1"]

1. d4 Nf6 2. c4 g6 3. Nc3 d5 4. cxd5 Nxd5 5. e4 Nxc3 6. bxc3 Bg7 7. Nf3 c5 8.
h3 O-O 9. Be3 Nc6 10. Qd2 Qa5 11. Be2 Rd8 12. Rd1 Be6 13. O-O cxd4 14. cxd4
Qxd2 15. Rxd2 Bd7 16. d5 Ne5 17. Nxe5 Bxe5 18. f4 Bc3 19. Rc2 Ba5 20. Rb1 Rab8
21. Bxa7 Ra8 22. Bb6 Bxb6+ 23. Rxb6 Bc8 24. Bc4 Kf8 25. Bb3 Ra5 26. e5 Ra7 27.
Rc7 Ra5 28. d6 e6 29. a4 Ra7 30. Rb4 Ra8 31. Kf2 Rb8 32. Rbc4 Bd7 33. a5 Bc8
34. Re7 Re8 35. Rcc7 Rxe7 36. dxe7+ Ke8 37. Ba4+ Bd7 38. Rxd7 b5 39. axb6 Rxb6
40. Rc7+ 1-0

[Event "19. Open Figueres Miquel Mas 2018"]
[Site "Figueres ESP"]
[Date "2018.08.16"]
[Round "9.1"]
[White "Vidal Zamora, Alex"]
[Black "Nunez Colome, David"]
[Result "1-0"]
[WhiteElo "2404"]
[BlackElo "1970"]
[PlyCount "91"]
[EventDate "2018.08.09"]
[EventType "swiss"]
[EventRounds "9"]
[EventCountry "ESP"]
[SourceTitle "Ajedrez en Madrid"]
[Source "lmi"]
[SourceDate "2018.08.09"]
[SourceVersion "1"]
[SourceVersionDate "2019.07.09"]
[SourceQuality "1"]

1. d4 e6 2. c4 d5 3. Nc3 Nf6 4. Bg5 Be7 5. Nf3 h6 6. Bh4 O-O 7. e3 b6 8. cxd5
Nxd5 9. Bg3 Bb7 10. Be2 Nd7 11. O-O N7f6 12. Qc2 Rc8 13. Rad1 Nxc3 14. bxc3 Bd6
15. c4 Bxg3 16. hxg3 Qe7 17. Qa4 a6 18. Rb1 Ne4 19. Rfe1 Rfd8 20. Qc2 Nf6 21.
Ne5 Qe8 22. Bd3 Nd7 23. Nxd7 Qxd7 24. c5 Qc6 25. f3 b5 26. Be4 Rd5 27. a4 Rb8
28. Rb4 Bc8 29. axb5 axb5 30. Ra1 Bd7 31. Ra5 Qb7 32. Qa2 c6 33. Ra7 Qc8 34.
Bxd5 exd5 35. Qa5 Qe8 36. Kf2 Rc8 37. Rb2 Qe6 38. Ra8 Re8 39. Rxe8+ Bxe8 40.
Qd8 Kh7 41. Ra2 f6 42. Ra7 Bh5 43. Qf8 Qg8 44. Qxg8+ Kxg8 45. Ra8+ Kf7 46. Rc8
1-0

[Event "19. Open Figueres Miquel Mas 2018"]
[Site "Figueres ESP"]
[Date "2018.08.16"]
[Round "9.2"]
[White "Touzane, Olivier"]
[Black "Colls Gelaberto, Emili"]
[Result "1/2-1/2"]
[WhiteElo "2301"]
[BlackElo "2093"]
[PlyCount "46"]
[EventDate "2018.08.09"]
[EventType "swiss"]
[EventRounds "9"]
[EventCountry "ESP"]
[SourceTitle "Ajedrez en Madrid"]
[Source "lmi"]
[SourceDate "2018.08.09"]
[SourceVersion "1"]
[SourceVersionDate "2019.07.09"]
[SourceQuality "1"]

1. d4 Nf6 2. Bf4 d5 3. e3 Bf5 4. c4 c6 5. Nc3 Qb6 6. Qb3 dxc4 7. Bxc4 e6 8. Nf3
Nbd7 9. h3 Be7 10. O-O Qxb3 11. Bxb3 O-O 12. g4 Bg6 13. Nh4 Bd3 14. Rfd1 Ba6
15. Bg3 Rfd8 16. e4 Nb6 17. Nf3 Bc4 18. Bh4 Kf8 19. Bc2 h6 20. Ne5 Ba6 21. f4
c5 22. dxc5 Bxc5+ 23. Bf2 Bxf2+ 1/2-1/2

[Event "19. Open Figueres Miquel Mas 2018"]
[Site "Figueres ESP"]
[Date "2018.08.16"]
[Round "9.3"]
[White "Sole Pijuan, Ferran"]
[Black "Parals Marce, Luis"]
[Result "1-0"]
[WhiteElo "2320"]
[BlackElo "2038"]
[PlyCount "101"]
[EventDate "2018.08.09"]
[EventType "swiss"]
[EventRounds "9"]
[EventCountry "ESP"]
[SourceTitle "Ajedrez en Madrid"]
[Source "lmi"]
[SourceDate "2018.08.09"]
[SourceVersion "1"]
[SourceVersionDate "2019.07.09"]
[SourceQuality "1"]

1. d4 d5 2. c4 c6 3. Nf3 Nf6 4. e3 Bf5 5. Nc3 e6 6. Nh4 Bg6 7. Be2 Nbd7 8. g3
Be7 9. Qb3 Rb8 10. Bd2 Nb6 11. c5 Nbd7 12. Nxg6 hxg6 13. Qa4 Ra8 14. b4 a6 15.
f4 Ne4 16. Nxe4 dxe4 17. O-O-O b5 18. Qc2 f5 19. g4 Nf6 20. g5 Nd5 21. h4 Kd7
22. Rh3 a5 23. bxa5 Rxa5 24. Bxa5 Qxa5 25. Kb2 Ra8 26. Qb3 Qc7 27. a3 Ra5 28.
Rhh1 Qa7 29. Ra1 Bd8 30. Ra2 Ke7 31. Rc1 Ra4 32. Bd1 Ba5 33. Kb1 Be1 34. Qb2
Ra6 35. Bb3 Ba5 36. Bxd5 exd5 37. Rh1 Bc7 38. h5 gxh5 39. Rxh5 Ra4 40. Rh7 Kd7
41. Rxg7+ Kc8 42. g6 Rc4 43. Rh7 Qa4 44. Rh1 Kb7 45. g7 Qa8 46. Rh8 Qa4 47. Rh1
Qa8 48. a4 Ba5 49. axb5 Kc7 50. Rxa5 Qxa5 51. g8=Q 1-0

[Event "19. Open Figueres Miquel Mas 2018"]
[Site "Figueres ESP"]
[Date "2018.08.16"]
[Round "9.4"]
[White "Gac, Riwal"]
[Black "Parramon Ros, Francesc"]
[Result "0-1"]
[WhiteElo "1716"]
[BlackElo "2059"]
[PlyCount "86"]
[EventDate "2018.08.09"]
[EventType "swiss"]
[EventRounds "9"]
[EventCountry "ESP"]
[SourceTitle "Ajedrez en Madrid"]
[Source "lmi"]
[SourceDate "2018.08.09"]
[SourceVersion "1"]
[SourceVersionDate "2019.07.09"]
[SourceQuality "1"]

1. e4 g6 2. d4 Bg7 3. Nc3 d6 4. f4 a6 5. Nf3 b5 6. Bd3 Nd7 7. e5 e6 8. O-O Bb7
9. Be3 Ne7 10. Be4 Bxe4 11. Nxe4 Nf5 12. Bf2 Nb6 13. Ng3 Nxg3 14. Bxg3 O-O 15.
Qe2 Qd7 16. Rfd1 Qc6 17. Rac1 Rfc8 18. Nd2 Qd5 19. Nb3 Nc4 20. Rb1 Bh6 21. Qf3
Qxf3 22. gxf3 Ne3 23. Rd3 Nxc2 24. a3 c5 25. dxc5 dxc5 26. Rc3 c4 27. Rxc2 cxb3
28. Rc3 Rxc3 29. bxc3 Rc8 30. Rxb3 Rc4 31. Kf1 Kf8 32. Ke2 Ke8 33. Kd3 Bxf4 34.
Rb4 Rxb4 35. cxb4 Bc1 36. Be1 Kd7 37. Kc2 Bf4 38. Bg3 Bxg3 39. hxg3 Kc6 40. Kd3
Kd5 41. f4 g5 42. Ke3 gxf4+ 43. Kxf4 Kd4 0-1

[Event "19. Open Figueres Miquel Mas 2018"]
[Site "Figueres ESP"]
[Date "2018.08.16"]
[Round "9.5"]
[White "Castells Briones, Miquel"]
[Black "Vilalta Vidal, Javier"]
[Result "1/2-1/2"]
[WhiteElo "2018"]
[BlackElo "1984"]
[PlyCount "61"]
[EventDate "2018.08.09"]
[EventType "swiss"]
[EventRounds "9"]
[EventCountry "ESP"]
[SourceTitle "Ajedrez en Madrid"]
[Source "lmi"]
[SourceDate "2018.08.09"]
[SourceVersion "1"]
[SourceVersionDate "2019.07.09"]
[SourceQuality "1"]

1. d4 d5 2. c4 c6 3. Nf3 Nf6 4. e3 e6 5. b3 Nbd7 6. Bd3 Bd6 7. Bb2 O-O 8. Nbd2
b6 9. O-O Qc7 10. e4 dxe4 11. Nxe4 Nxe4 12. Bxe4 f5 13. Bc2 e5 14. dxe5 Nxe5
15. Nd4 Bd7 16. Qh5 g6 17. Qh4 Ng4 18. h3 Be7 19. Qg3 Qxg3 20. fxg3 Ne3 21.
Rfe1 Nxc2 22. Rxe7 Nxa1 23. Rxd7 Rad8 24. Rxa7 Rf7 25. Ra6 Re7 26. Nf3 Nc2 27.
Be5 Ne1 28. Bf6 Nxf3+ 29. gxf3 Rd1+ 30. Kf2 Red7 31. Ke3 1/2-1/2

[Event "19. Open Figueres Miquel Mas 2018"]
[Site "Figueres ESP"]
[Date "2018.08.16"]
[Round "9.12"]
[White "Vilanova Guardiola, Josep M."]
[Black "Mallol Descarrega, Gerard"]
[Result "1/2-1/2"]
[WhiteElo "1763"]
[BlackElo "1728"]
[PlyCount "40"]
[EventDate "2018.08.09"]
[EventType "swiss"]
[EventRounds "9"]
[EventCountry "ESP"]
[SourceTitle "Ajedrez en Madrid"]
[Source "lmi"]
[SourceDate "2018.08.09"]
[SourceVersion "1"]
[SourceVersionDate "2019.07.09"]
[SourceQuality "1"]

1. d4 e6 2. c4 d5 3. Nc3 Be7 4. Nf3 Nf6 5. Bg5 h6 6. Bxf6 Bxf6 7. e3 O-O 8. Qd2
b6 9. Rd1 Bb7 10. cxd5 Bxd5 11. Be2 Bb7 12. O-O Nd7 13. Qc2 Qe7 14. Ne4 Rac8
15. Nxf6+ Nxf6 16. Ne5 c5 17. Qa4 Bd5 18. Bf3 cxd4 19. Rxd4 Bxf3 20. Nxf3 Rfd8
1/2-1/2

[Event "19. Open Figueres Miquel Mas 2018"]
[Site "Figueres ESP"]
[Date "2018.08.16"]
[Round "9.14"]
[White "Morales Castaneda, Manuel"]
[Black "Idoate Arrazurria, Ricardo"]
[Result "1-0"]
[WhiteElo "1697"]
[BlackElo "1431"]
[PlyCount "45"]
[EventDate "2018.08.09"]
[EventType "swiss"]
[EventRounds "9"]
[EventCountry "ESP"]
[SourceTitle "Ajedrez en Madrid"]
[Source "lmi"]
[SourceDate "2018.08.09"]
[SourceVersion "1"]
[SourceVersionDate "2019.07.09"]
[SourceQuality "1"]

1. d4 e6 2. c4 Nf6 3. Nf3 Bb4+ 4. Bd2 Bxd2+ 5. Qxd2 O-O 6. Nc3 d6 7. e4 Nc6 8.
Rd1 Re8 9. Be2 a6 10. O-O d5 11. e5 Nd7 12. cxd5 exd5 13. Bd3 Nb6 14. Qf4 h6
15. Rfe1 Nb4 16. Bb1 Nc4 17. a3 Nc6 18. Re2 N6a5 19. Rde1 Qe7 20. h3 b5 21.
Nxd5 Qd7 22. Qe4 Bb7 23. Qh7+ 1-0

[Event "19. Open Figueres Miquel Mas 2018"]
[Site "Figueres ESP"]
[Date "2018.08.16"]
[Round "9.18"]
[White "Vidal Palou, Jordi"]
[Black "Voegeli, Max"]
[Result "0-1"]
[WhiteElo "1648"]
[BlackElo "1571"]
[PlyCount "68"]
[EventDate "2018.08.09"]
[EventType "swiss"]
[EventRounds "9"]
[EventCountry "ESP"]
[SourceTitle "Ajedrez en Madrid"]
[Source "lmi"]
[SourceDate "2018.08.09"]
[SourceVersion "1"]
[SourceVersionDate "2019.07.09"]
[SourceQuality "1"]

1. d4 d6 2. e4 Nf6 3. Bd3 c6 4. Nf3 Bg4 5. O-O e5 6. c3 Nbd7 7. Bg5 Be7 8. Nbd2
Qc7 9. a4 a5 10. Qc2 h6 11. Bh4 g5 12. Bg3 Nh5 13. dxe5 Nxg3 14. fxg3 dxe5 15.
Bc4 Bh5 16. g4 Bg6 17. b4 axb4 18. cxb4 Bxb4 19. Nb3 O-O 20. Rfd1 Nc5 21. Nxc5
Bxc5+ 22. Kh1 Rfd8 23. Bxf7+ Bxf7 24. Qxc5 Rxd1+ 25. Rxd1 Rxa4 26. Nxe5 Ra5 27.
Qc3 Qxe5 28. Qe1 Ra4 29. h3 Rxe4 30. Qd2 Bd5 31. Qd3 Re1+ 32. Rxe1 Qxe1+ 33.
Kh2 Qe4 34. Qd2 Qf4+ 0-1

[Event "19. Open Figueres Miquel Mas 2018"]
[Site "Figueres ESP"]
[Date "2018.08.16"]
[Round "9.20"]
[White "Pereira Garcia, Josep R."]
[Black "Cantenys Pages, Carles"]
[Result "1-0"]
[WhiteElo "1688"]
[BlackElo "1405"]
[PlyCount "58"]
[EventDate "2018.08.09"]
[EventType "swiss"]
[EventRounds "9"]
[EventCountry "ESP"]
[SourceTitle "Ajedrez en Madrid"]
[Source "lmi"]
[SourceDate "2018.08.09"]
[SourceVersion "1"]
[SourceVersionDate "2019.07.09"]
[SourceQuality "1"]

1. e4 e5 2. f4 exf4 3. Nf3 d6 4. d4 Be7 5. Bxf4 Nf6 6. Nc3 h6 7. Bc4 O-O 8. Qd2
Nh7 9. h3 c6 10. O-O-O Nd7 11. Kb1 b5 12. Bd3 b4 13. Ne2 a5 14. g4 c5 15. d5 f6
16. Ng3 Ne5 17. Nxe5 fxe5 18. Be3 Ng5 19. Nf5 Bxf5 20. gxf5 Nf3 21. Qg2 Ng5 22.
Rdg1 Bf6 23. h4 Nf7 24. Be2 Kh8 25. Bh5 Qe7 26. Qg4 Rg8 27. Rg2 Bxh4 28. Bxf7
Qxf7 29. Qxh4 Kh7 1-0